00368nam a2200145Ia 4500008004100000020001800041041000800059082001100067100003300078260003900111245003400150250000600184300000800190650002400198220805s9999 xx 000 0 und d a81-7808-088-5 aeng a372.61 aQuirk radolph sidney greenbu aSingaporebPearson educationc2002 aUniversity grammer of English a5 a484 aCommunication skill